Bíblia Sagrada : (Registro nro. 63299)

Detalles MARC
000 -LEADER
campo de control de longitud fija 02147nam a22002894i 4500
003 - IDENTIFICADOR DE NÚMERO DE CONTROL
campo de control PE-LiUPU
005 - FECHA Y HORA DE LA ÚLTIMA TRANSACCIÓN
campo de control 20260218145558.0
008 - DATOS DE LONGITUD FIJA--INFORMACIÓN GENERAL
campo de control de longitud fija 110000s2011 bl a 000 0 por d
020 ## - NÚMERO INTERNACIONAL ESTÁNDAR DEL LIBRO
Número Internacional Estándar del Libro 9788531112836
040 ## - FUENTE DE CATALOGACIÓN
Centro catalogador/agencia de origen PE-LiUPU
Lengua de catalogación por
Centro/agencia transcriptor PE-LiUPU
Normas de descripción rda
082 04 - NÚMERO DE LA CLASIFICACIÓN DECIMAL DEWEY
Número de clasificación 220.569
Cutter S678b
Número de edición 23
110 ## - ENTRADA PRINCIPAL--NOMBRE DE ENTIDAD CORPORATIVA
Nombre de entidad corporativa o nombre de jurisdicción como elemento de entrada Sociedade Bíblica do Brasil,
Término indicativo de función/relación editor.
9 (RLIN) 8082
245 10 - MENCIÓN DEL TÍTULO
Título Bíblia Sagrada :
Resto del título Pobreza e Justiça -- Nova Tradução na Linguagem de Hoje /
Mención de responsabilidad, etc. Adaptación, edición y diagramación: Sociedade Bíblica do Brasil.
264 #1 - PRODUCCIÓN, PUBLICACIÓN, DISTRIBUCIÓN, FABRICACIÓN Y COPYRIGHT
Producción, publicación, distribución, fabricación y copyright Barueri, SP :
Nombre del de productor, editor, distribuidor, fabricante Sociedade Bíblica do Brasil,
Fecha de producción, publicación, distribución, fabricación o copyright 2011.
300 ## - DESCRIPCIÓN FÍSICA
Extensión 1280 páginas :
Otras características físicas ilustraciones ;
Dimensiones 23 cm
336 ## - TIPO DE CONTENIDO
Término de tipo de contenido text
Fuente rdacontent
337 ## - TIPO DE MEDIO
Nombre/término del tipo de medio unmediated
Fuente rdamedia
338 ## - TIPO DE SOPORTE
Nombre/término del tipo de soporte volume
Fuente rdacarrier
500 ## - NOTA GENERAL
Nota general Incluye notas, referencias, vocabulario e introducciones.
505 0# - NOTA DE CONTENIDO CON FORMATO
Nota de contenido con formato Prefácio para a Nova Tradução na Linguagem de Hoje -- Nota sobre os Auxílios para o Leitor -- Antigo Testamento: Gênesis -- Êxodo -- Levítico -- Números -- Deuteronômio -- Josué -- Juízes -- Rute -- 1 Samuel -- 2 Samuel -- 1 Reis -- 2 Reis -- 1 Crônicas -- 2 Crônicas -- Esdras -- Neemias -- Ester -- Jó -- Salmos -- Provérbios -- Eclesiastes -- Cântico dos Cânticos -- Isaías -- Jeremias -- Lamentações de Jeremias -- Ezequiel -- Daniel -- Oseias -- Joel -- Amós -- Obadias -- Jonas -- Miqueias -- Naum -- Habacuque -- Sofonias -- Ageu -- Zacarias -- Malaquias -- Novo Testamento: Mateus -- Marcos -- Lucas -- João -- Atos dos Apóstolos -- Romanos -- 1 Coríntios -- 2 Coríntios -- Gálatas -- Efésios -- Filipenses -- Colossenses -- 1 Tessalonicenses -- 2 Tessalonicenses -- 1 Timóteo -- 2 Timóteo -- Tito -- Filemom -- Hebreus -- Tiago -- 1 Pedro -- 2 Pedro -- 1 João -- 2 João -- 3 João -- Judas -- Apocalipse -- Vocabulário.
630 14 - PUNTO DE ACCESO ADICIONAL DE MATERIA--TÍTULO UNIFORME
Título uniforme Biblia.
Lenguaje de la obra Português.
Versión Nova Tradução na Linguagem de Hoje.
650 24 - PUNTO DE ACCESO ADICIONAL DE MATERIA--TÉRMINO DE MATERIA
Término de materia o nombre geográfico como elemento de entrada Pobreza
Subdivisión general Aspectos bíblicos
9 (RLIN) 8152
650 24 - PUNTO DE ACCESO ADICIONAL DE MATERIA--TÉRMINO DE MATERIA
Término de materia o nombre geográfico como elemento de entrada Justicia
Subdivisión general Aspectos bíblicos
9 (RLIN) 8151
710 ## - ENTRADA AGREGADA--NOMBRE DE ENTIDAD CORPORATIVA
Nombre de entidad corporativa o nombre de jurisdicción como elemento de entrada Sociedade Bíblica Britânica e Estrangeira.
9 (RLIN) 8083
942 ## - ELEMENTOS DE ENTRADA SECUNDARIOS (KOHA)
Fuente del sistema de clasificación o colocación Clasificación Decimal Dewey
Tipo de ítem Koha Libros físicos
980 ## - EQUIVALENCIA O REFERENCIA-CRUZADA-MENCIÓN DE SERIE--NOMBRE DE PERSONA/TÍTULO [LOCAL, CANADÁ]
ID del usuario creador del registro 18228
Nombre del creador del registro Rebeca Esther Huerta Leyton
ID del último usuario que modificó el registro 18226
Nombre del último usuario que modificó el registro Jaime Vilcazán Jefe de Análisis Documental
Existencias
Visto por última vez Total de préstamos Signatura topográfica completa Código de barras Copia número Coste, precio de reemplazo Fecha de reemplazo Facultad Tipo de ítem Koha Estado de pérdida Fuente del sistema de clasificación o colocación Restricciones de uso No para préstamo Colección Programa académico Biblioteca de origen Biblioteca actual Ubicación en estantería Fecha de adquisición Fuente de adquisición Coste, precio normal de compra
2026-03-15   220.569 S678b 83095 e1 33.71 2026-02-17 Teología Libros físicos No Perdido Clasificación Decimal Dewey No restringido Disponible para préstamos Colección General Teología Biblioteca CRAI UPeU Lima Biblioteca CRAI UPeU Lima Sala principal 2025-12-10 Donación, David Echevarría 28.71